<?xml version="1.0" encoding="UTF-8"?>
<record
    xmlns:xsi="http://www.w3.org/2001/XMLSchema-instance"
    xsi:schemaLocation="http://www.loc.gov/MARC21/slim http://www.loc.gov/standards/marcxml/schema/MARC21slim.xsd"
    xmlns="http://www.loc.gov/MARC21/slim">

  <leader>00208nam a2200097Ia 4500</leader>
  <controlfield tag="008">180219s9999    xx            000 0 und d</controlfield>
  <datafield tag="100" ind1=" " ind2=" ">
    <subfield code="a">Duggal S K</subfield>
  </datafield>
  <datafield tag="245" ind1=" " ind2="0">
    <subfield code="a">Design Of Steel Structures</subfield>
  </datafield>
  <datafield tag="260" ind1=" " ind2=" ">
    <subfield code="c">2014</subfield>
  </datafield>
  <datafield tag="300" ind1=" " ind2=" ">
    <subfield code="a">0</subfield>
  </datafield>
  <datafield tag="942" ind1=" " ind2=" ">
    <subfield code="e">3rd</subfield>
  </datafield>
  <datafield tag="999" ind1=" " ind2=" ">
    <subfield code="c">43672</subfield>
    <subfield code="d">43672</subfield>
  </datafield>
  <datafield tag="952" ind1=" " ind2=" ">
    <subfield code="0">0</subfield>
    <subfield code="1">0</subfield>
    <subfield code="2">ddc</subfield>
    <subfield code="4">0</subfield>
    <subfield code="7">0</subfield>
    <subfield code="a">10</subfield>
    <subfield code="b">10</subfield>
    <subfield code="d">2018-03-06</subfield>
    <subfield code="l">0</subfield>
    <subfield code="p">10-B-8940</subfield>
    <subfield code="y">02</subfield>
  </datafield>
  <datafield tag="952" ind1=" " ind2=" ">
    <subfield code="0">0</subfield>
    <subfield code="1">0</subfield>
    <subfield code="2">ddc</subfield>
    <subfield code="4">0</subfield>
    <subfield code="7">0</subfield>
    <subfield code="a">10</subfield>
    <subfield code="b">10</subfield>
    <subfield code="d">2018-03-06</subfield>
    <subfield code="l">1</subfield>
    <subfield code="p">10-B-8941</subfield>
    <subfield code="r">2019-04-03</subfield>
    <subfield code="s">2019-02-16</subfield>
    <subfield code="y">02</subfield>
  </datafield>
  <datafield tag="952" ind1=" " ind2=" ">
    <subfield code="0">0</subfield>
    <subfield code="1">0</subfield>
    <subfield code="2">ddc</subfield>
    <subfield code="4">0</subfield>
    <subfield code="7">0</subfield>
    <subfield code="a">10</subfield>
    <subfield code="b">10</subfield>
    <subfield code="d">2018-03-06</subfield>
    <subfield code="l">1</subfield>
    <subfield code="p">10-B-8942</subfield>
    <subfield code="r">2019-07-15</subfield>
    <subfield code="s">2019-02-14</subfield>
    <subfield code="y">02</subfield>
  </datafield>
  <datafield tag="952" ind1=" " ind2=" ">
    <subfield code="0">0</subfield>
    <subfield code="1">0</subfield>
    <subfield code="2">ddc</subfield>
    <subfield code="4">0</subfield>
    <subfield code="7">0</subfield>
    <subfield code="a">10</subfield>
    <subfield code="b">10</subfield>
    <subfield code="d">2018-03-06</subfield>
    <subfield code="l">1</subfield>
    <subfield code="p">10-B-8943</subfield>
    <subfield code="r">2019-06-17</subfield>
    <subfield code="s">2019-01-31</subfield>
    <subfield code="y">02</subfield>
  </datafield>
  <datafield tag="952" ind1=" " ind2=" ">
    <subfield code="0">0</subfield>
    <subfield code="1">0</subfield>
    <subfield code="2">ddc</subfield>
    <subfield code="4">0</subfield>
    <subfield code="7">0</subfield>
    <subfield code="a">10</subfield>
    <subfield code="b">10</subfield>
    <subfield code="d">2018-03-06</subfield>
    <subfield code="l">1</subfield>
    <subfield code="p">10-B-8944</subfield>
    <subfield code="r">2019-06-14</subfield>
    <subfield code="s">2019-02-14</subfield>
    <subfield code="y">02</subfield>
  </datafield>
  <datafield tag="952" ind1=" " ind2=" ">
    <subfield code="0">0</subfield>
    <subfield code="1">0</subfield>
    <subfield code="2">ddc</subfield>
    <subfield code="4">0</subfield>
    <subfield code="7">0</subfield>
    <subfield code="a">10</subfield>
    <subfield code="b">10</subfield>
    <subfield code="d">2018-03-06</subfield>
    <subfield code="l">1</subfield>
    <subfield code="p">10-B-8945</subfield>
    <subfield code="r">2019-06-14</subfield>
    <subfield code="s">2019-02-05</subfield>
    <subfield code="y">02</subfield>
  </datafield>
  <datafield tag="952" ind1=" " ind2=" ">
    <subfield code="0">0</subfield>
    <subfield code="1">0</subfield>
    <subfield code="2">ddc</subfield>
    <subfield code="4">0</subfield>
    <subfield code="7">0</subfield>
    <subfield code="a">10</subfield>
    <subfield code="b">10</subfield>
    <subfield code="d">2018-03-06</subfield>
    <subfield code="l">1</subfield>
    <subfield code="p">10-B-8946</subfield>
    <subfield code="r">2019-06-18</subfield>
    <subfield code="s">2019-02-07</subfield>
    <subfield code="y">02</subfield>
  </datafield>
  <datafield tag="952" ind1=" " ind2=" ">
    <subfield code="0">0</subfield>
    <subfield code="1">0</subfield>
    <subfield code="2">ddc</subfield>
    <subfield code="4">0</subfield>
    <subfield code="7">0</subfield>
    <subfield code="a">10</subfield>
    <subfield code="b">10</subfield>
    <subfield code="d">2018-03-06</subfield>
    <subfield code="l">0</subfield>
    <subfield code="p">10-B-8947</subfield>
    <subfield code="y">02</subfield>
  </datafield>
  <datafield tag="952" ind1=" " ind2=" ">
    <subfield code="0">0</subfield>
    <subfield code="1">0</subfield>
    <subfield code="2">ddc</subfield>
    <subfield code="4">0</subfield>
    <subfield code="7">0</subfield>
    <subfield code="a">10</subfield>
    <subfield code="b">10</subfield>
    <subfield code="d">2018-03-06</subfield>
    <subfield code="l">2</subfield>
    <subfield code="p">10-B-8948</subfield>
    <subfield code="r">2023-07-05</subfield>
    <subfield code="s">2023-03-31</subfield>
    <subfield code="y">02</subfield>
  </datafield>
  <datafield tag="952" ind1=" " ind2=" ">
    <subfield code="0">0</subfield>
    <subfield code="1">0</subfield>
    <subfield code="2">ddc</subfield>
    <subfield code="4">0</subfield>
    <subfield code="7">0</subfield>
    <subfield code="a">10</subfield>
    <subfield code="b">10</subfield>
    <subfield code="d">2018-03-06</subfield>
    <subfield code="l">1</subfield>
    <subfield code="p">10-B-8949</subfield>
    <subfield code="r">2019-06-20</subfield>
    <subfield code="s">2019-02-26</subfield>
    <subfield code="y">02</subfield>
  </datafield>
  <datafield tag="952" ind1=" " ind2=" ">
    <subfield code="0">0</subfield>
    <subfield code="1">0</subfield>
    <subfield code="2">ddc</subfield>
    <subfield code="4">0</subfield>
    <subfield code="7">0</subfield>
    <subfield code="a">10</subfield>
    <subfield code="b">10</subfield>
    <subfield code="d">2018-03-06</subfield>
    <subfield code="l">1</subfield>
    <subfield code="p">10-B-10955</subfield>
    <subfield code="r">2020-10-03</subfield>
    <subfield code="s">2020-02-12</subfield>
    <subfield code="y">02</subfield>
  </datafield>
  <datafield tag="952" ind1=" " ind2=" ">
    <subfield code="0">0</subfield>
    <subfield code="1">0</subfield>
    <subfield code="2">ddc</subfield>
    <subfield code="4">0</subfield>
    <subfield code="7">0</subfield>
    <subfield code="a">10</subfield>
    <subfield code="b">10</subfield>
    <subfield code="d">2018-03-06</subfield>
    <subfield code="l">4</subfield>
    <subfield code="p">10-B-10956</subfield>
    <subfield code="r">2023-07-28</subfield>
    <subfield code="s">2023-03-28</subfield>
    <subfield code="y">02</subfield>
  </datafield>
  <datafield tag="952" ind1=" " ind2=" ">
    <subfield code="0">0</subfield>
    <subfield code="1">0</subfield>
    <subfield code="2">ddc</subfield>
    <subfield code="4">0</subfield>
    <subfield code="7">0</subfield>
    <subfield code="a">10</subfield>
    <subfield code="b">10</subfield>
    <subfield code="d">2018-03-06</subfield>
    <subfield code="l">1</subfield>
    <subfield code="p">10-B-10957</subfield>
    <subfield code="r">2019-06-18</subfield>
    <subfield code="s">2019-02-14</subfield>
    <subfield code="y">02</subfield>
  </datafield>
  <datafield tag="952" ind1=" " ind2=" ">
    <subfield code="0">0</subfield>
    <subfield code="1">0</subfield>
    <subfield code="2">ddc</subfield>
    <subfield code="4">0</subfield>
    <subfield code="7">0</subfield>
    <subfield code="a">10</subfield>
    <subfield code="b">10</subfield>
    <subfield code="d">2018-03-06</subfield>
    <subfield code="l">1</subfield>
    <subfield code="p">10-B-10958</subfield>
    <subfield code="r">2020-09-30</subfield>
    <subfield code="s">2020-02-07</subfield>
    <subfield code="y">02</subfield>
  </datafield>
  <datafield tag="952" ind1=" " ind2=" ">
    <subfield code="0">0</subfield>
    <subfield code="1">0</subfield>
    <subfield code="2">ddc</subfield>
    <subfield code="4">0</subfield>
    <subfield code="7">0</subfield>
    <subfield code="a">10</subfield>
    <subfield code="b">10</subfield>
    <subfield code="d">2018-03-06</subfield>
    <subfield code="l">3</subfield>
    <subfield code="p">10-B-10959</subfield>
    <subfield code="r">2020-09-30</subfield>
    <subfield code="s">2020-02-03</subfield>
    <subfield code="y">02</subfield>
  </datafield>
  <datafield tag="952" ind1=" " ind2=" ">
    <subfield code="0">0</subfield>
    <subfield code="1">0</subfield>
    <subfield code="2">ddc</subfield>
    <subfield code="4">0</subfield>
    <subfield code="7">0</subfield>
    <subfield code="a">10</subfield>
    <subfield code="b">10</subfield>
    <subfield code="d">2018-03-06</subfield>
    <subfield code="l">2</subfield>
    <subfield code="p">10-B-10960</subfield>
    <subfield code="r">2020-10-01</subfield>
    <subfield code="s">2020-02-25</subfield>
    <subfield code="y">02</subfield>
  </datafield>
  <datafield tag="952" ind1=" " ind2=" ">
    <subfield code="0">0</subfield>
    <subfield code="1">0</subfield>
    <subfield code="2">ddc</subfield>
    <subfield code="4">0</subfield>
    <subfield code="7">0</subfield>
    <subfield code="a">10</subfield>
    <subfield code="b">10</subfield>
    <subfield code="d">2018-03-06</subfield>
    <subfield code="l">2</subfield>
    <subfield code="p">10-B-10961</subfield>
    <subfield code="r">2020-10-07</subfield>
    <subfield code="s">2020-01-27</subfield>
    <subfield code="y">02</subfield>
  </datafield>
  <datafield tag="952" ind1=" " ind2=" ">
    <subfield code="0">0</subfield>
    <subfield code="1">0</subfield>
    <subfield code="2">ddc</subfield>
    <subfield code="4">0</subfield>
    <subfield code="7">0</subfield>
    <subfield code="a">10</subfield>
    <subfield code="b">10</subfield>
    <subfield code="d">2018-03-06</subfield>
    <subfield code="l">2</subfield>
    <subfield code="p">10-B-10962</subfield>
    <subfield code="r">2026-04-29</subfield>
    <subfield code="s">2026-03-24</subfield>
    <subfield code="y">02</subfield>
  </datafield>
  <datafield tag="952" ind1=" " ind2=" ">
    <subfield code="0">0</subfield>
    <subfield code="1">0</subfield>
    <subfield code="2">ddc</subfield>
    <subfield code="4">0</subfield>
    <subfield code="7">0</subfield>
    <subfield code="a">10</subfield>
    <subfield code="b">10</subfield>
    <subfield code="d">2018-03-06</subfield>
    <subfield code="l">2</subfield>
    <subfield code="p">10-B-10963</subfield>
    <subfield code="r">2020-09-30</subfield>
    <subfield code="s">2020-02-12</subfield>
    <subfield code="y">02</subfield>
  </datafield>
  <datafield tag="952" ind1=" " ind2=" ">
    <subfield code="0">0</subfield>
    <subfield code="1">0</subfield>
    <subfield code="2">ddc</subfield>
    <subfield code="4">0</subfield>
    <subfield code="7">0</subfield>
    <subfield code="a">10</subfield>
    <subfield code="b">10</subfield>
    <subfield code="d">2018-03-06</subfield>
    <subfield code="l">1</subfield>
    <subfield code="p">10-B-10964</subfield>
    <subfield code="r">2019-06-12</subfield>
    <subfield code="s">2019-02-07</subfield>
    <subfield code="y">02</subfield>
  </datafield>
  <datafield tag="952" ind1=" " ind2=" ">
    <subfield code="0">0</subfield>
    <subfield code="1">0</subfield>
    <subfield code="2">ddc</subfield>
    <subfield code="4">0</subfield>
    <subfield code="7">0</subfield>
    <subfield code="a">10</subfield>
    <subfield code="b">10</subfield>
    <subfield code="d">2018-03-06</subfield>
    <subfield code="l">2</subfield>
    <subfield code="p">10-B-10965</subfield>
    <subfield code="q">2026-07-31</subfield>
    <subfield code="r">2026-03-10</subfield>
    <subfield code="s">2026-03-10</subfield>
    <subfield code="y">02</subfield>
  </datafield>
  <datafield tag="952" ind1=" " ind2=" ">
    <subfield code="0">0</subfield>
    <subfield code="1">0</subfield>
    <subfield code="2">ddc</subfield>
    <subfield code="4">0</subfield>
    <subfield code="7">0</subfield>
    <subfield code="a">10</subfield>
    <subfield code="b">10</subfield>
    <subfield code="d">2018-03-06</subfield>
    <subfield code="l">1</subfield>
    <subfield code="p">10-B-10966</subfield>
    <subfield code="r">2019-06-17</subfield>
    <subfield code="s">2019-02-18</subfield>
    <subfield code="y">02</subfield>
  </datafield>
  <datafield tag="952" ind1=" " ind2=" ">
    <subfield code="0">0</subfield>
    <subfield code="1">0</subfield>
    <subfield code="2">ddc</subfield>
    <subfield code="4">0</subfield>
    <subfield code="7">0</subfield>
    <subfield code="a">10</subfield>
    <subfield code="b">10</subfield>
    <subfield code="d">2018-03-06</subfield>
    <subfield code="l">2</subfield>
    <subfield code="p">10-B-10967</subfield>
    <subfield code="r">2020-10-07</subfield>
    <subfield code="s">2020-02-07</subfield>
    <subfield code="y">02</subfield>
  </datafield>
  <datafield tag="952" ind1=" " ind2=" ">
    <subfield code="0">0</subfield>
    <subfield code="1">0</subfield>
    <subfield code="2">ddc</subfield>
    <subfield code="4">0</subfield>
    <subfield code="7">0</subfield>
    <subfield code="a">10</subfield>
    <subfield code="b">10</subfield>
    <subfield code="d">2018-03-06</subfield>
    <subfield code="l">1</subfield>
    <subfield code="p">10-B-10968</subfield>
    <subfield code="r">2019-06-14</subfield>
    <subfield code="s">2019-02-13</subfield>
    <subfield code="y">02</subfield>
  </datafield>
  <datafield tag="952" ind1=" " ind2=" ">
    <subfield code="0">0</subfield>
    <subfield code="1">0</subfield>
    <subfield code="2">ddc</subfield>
    <subfield code="4">0</subfield>
    <subfield code="7">0</subfield>
    <subfield code="a">10</subfield>
    <subfield code="b">10</subfield>
    <subfield code="d">2018-03-06</subfield>
    <subfield code="l">0</subfield>
    <subfield code="p">10-B-10969</subfield>
    <subfield code="y">02</subfield>
  </datafield>
  <datafield tag="952" ind1=" " ind2=" ">
    <subfield code="0">0</subfield>
    <subfield code="1">0</subfield>
    <subfield code="2">ddc</subfield>
    <subfield code="4">0</subfield>
    <subfield code="7">0</subfield>
    <subfield code="a">10</subfield>
    <subfield code="b">10</subfield>
    <subfield code="d">2018-03-06</subfield>
    <subfield code="l">0</subfield>
    <subfield code="p">10-B-10970</subfield>
    <subfield code="y">02</subfield>
  </datafield>
  <datafield tag="952" ind1=" " ind2=" ">
    <subfield code="0">0</subfield>
    <subfield code="1">0</subfield>
    <subfield code="2">ddc</subfield>
    <subfield code="4">0</subfield>
    <subfield code="7">0</subfield>
    <subfield code="a">10</subfield>
    <subfield code="b">10</subfield>
    <subfield code="d">2018-03-06</subfield>
    <subfield code="l">0</subfield>
    <subfield code="p">10-B-10971</subfield>
    <subfield code="y">02</subfield>
  </datafield>
  <datafield tag="952" ind1=" " ind2=" ">
    <subfield code="0">0</subfield>
    <subfield code="1">0</subfield>
    <subfield code="2">ddc</subfield>
    <subfield code="4">0</subfield>
    <subfield code="7">0</subfield>
    <subfield code="a">10</subfield>
    <subfield code="b">10</subfield>
    <subfield code="d">2018-03-06</subfield>
    <subfield code="l">2</subfield>
    <subfield code="p">10-B-10972</subfield>
    <subfield code="r">2019-06-17</subfield>
    <subfield code="s">2019-02-04</subfield>
    <subfield code="y">02</subfield>
  </datafield>
  <datafield tag="952" ind1=" " ind2=" ">
    <subfield code="0">0</subfield>
    <subfield code="1">0</subfield>
    <subfield code="2">ddc</subfield>
    <subfield code="4">0</subfield>
    <subfield code="7">0</subfield>
    <subfield code="a">10</subfield>
    <subfield code="b">10</subfield>
    <subfield code="d">2018-03-06</subfield>
    <subfield code="l">1</subfield>
    <subfield code="p">10-B-10973</subfield>
    <subfield code="r">2019-06-14</subfield>
    <subfield code="s">2019-01-31</subfield>
    <subfield code="y">02</subfield>
  </datafield>
  <datafield tag="952" ind1=" " ind2=" ">
    <subfield code="0">0</subfield>
    <subfield code="1">0</subfield>
    <subfield code="2">ddc</subfield>
    <subfield code="4">0</subfield>
    <subfield code="7">0</subfield>
    <subfield code="a">10</subfield>
    <subfield code="b">10</subfield>
    <subfield code="d">2018-03-06</subfield>
    <subfield code="l">0</subfield>
    <subfield code="p">10-B-10974</subfield>
    <subfield code="y">02</subfield>
  </datafield>
  <datafield tag="952" ind1=" " ind2=" ">
    <subfield code="0">0</subfield>
    <subfield code="1">0</subfield>
    <subfield code="2">ddc</subfield>
    <subfield code="4">0</subfield>
    <subfield code="7">0</subfield>
    <subfield code="a">10</subfield>
    <subfield code="b">10</subfield>
    <subfield code="d">2018-03-06</subfield>
    <subfield code="l">0</subfield>
    <subfield code="p">10-B-14233</subfield>
    <subfield code="y">02</subfield>
  </datafield>
  <datafield tag="952" ind1=" " ind2=" ">
    <subfield code="0">0</subfield>
    <subfield code="1">0</subfield>
    <subfield code="2">ddc</subfield>
    <subfield code="4">0</subfield>
    <subfield code="7">0</subfield>
    <subfield code="a">10</subfield>
    <subfield code="b">10</subfield>
    <subfield code="d">2018-03-06</subfield>
    <subfield code="l">1</subfield>
    <subfield code="p">10-B-14234</subfield>
    <subfield code="r">2019-06-25</subfield>
    <subfield code="s">2019-02-07</subfield>
    <subfield code="y">02</subfield>
  </datafield>
  <datafield tag="952" ind1=" " ind2=" ">
    <subfield code="0">0</subfield>
    <subfield code="1">0</subfield>
    <subfield code="2">ddc</subfield>
    <subfield code="4">0</subfield>
    <subfield code="7">0</subfield>
    <subfield code="a">10</subfield>
    <subfield code="b">10</subfield>
    <subfield code="d">2018-03-06</subfield>
    <subfield code="l">2</subfield>
    <subfield code="p">10-B-14235</subfield>
    <subfield code="r">2021-10-09</subfield>
    <subfield code="s">2021-04-20</subfield>
    <subfield code="y">02</subfield>
  </datafield>
  <datafield tag="952" ind1=" " ind2=" ">
    <subfield code="0">0</subfield>
    <subfield code="1">0</subfield>
    <subfield code="2">ddc</subfield>
    <subfield code="4">0</subfield>
    <subfield code="7">0</subfield>
    <subfield code="a">10</subfield>
    <subfield code="b">10</subfield>
    <subfield code="d">2018-03-06</subfield>
    <subfield code="l">3</subfield>
    <subfield code="p">10-B-14236</subfield>
    <subfield code="r">2020-10-06</subfield>
    <subfield code="s">2020-01-27</subfield>
    <subfield code="y">02</subfield>
  </datafield>
  <datafield tag="952" ind1=" " ind2=" ">
    <subfield code="0">0</subfield>
    <subfield code="1">0</subfield>
    <subfield code="2">ddc</subfield>
    <subfield code="4">0</subfield>
    <subfield code="7">0</subfield>
    <subfield code="a">10</subfield>
    <subfield code="b">10</subfield>
    <subfield code="d">2018-03-06</subfield>
    <subfield code="l">1</subfield>
    <subfield code="p">10-B-14237</subfield>
    <subfield code="r">2020-10-07</subfield>
    <subfield code="s">2020-02-12</subfield>
    <subfield code="y">02</subfield>
  </datafield>
  <datafield tag="952" ind1=" " ind2=" ">
    <subfield code="0">0</subfield>
    <subfield code="1">0</subfield>
    <subfield code="2">ddc</subfield>
    <subfield code="4">0</subfield>
    <subfield code="7">0</subfield>
    <subfield code="a">10</subfield>
    <subfield code="b">10</subfield>
    <subfield code="d">2018-03-06</subfield>
    <subfield code="l">2</subfield>
    <subfield code="p">10-B-14238</subfield>
    <subfield code="q">2026-07-31</subfield>
    <subfield code="r">2026-02-03</subfield>
    <subfield code="s">2026-02-03</subfield>
    <subfield code="y">02</subfield>
  </datafield>
  <datafield tag="952" ind1=" " ind2=" ">
    <subfield code="0">0</subfield>
    <subfield code="1">0</subfield>
    <subfield code="2">ddc</subfield>
    <subfield code="4">0</subfield>
    <subfield code="7">0</subfield>
    <subfield code="a">10</subfield>
    <subfield code="b">10</subfield>
    <subfield code="d">2018-03-06</subfield>
    <subfield code="l">0</subfield>
    <subfield code="p">10-B-14239</subfield>
    <subfield code="y">02</subfield>
  </datafield>
  <datafield tag="952" ind1=" " ind2=" ">
    <subfield code="0">0</subfield>
    <subfield code="1">0</subfield>
    <subfield code="2">ddc</subfield>
    <subfield code="4">0</subfield>
    <subfield code="7">0</subfield>
    <subfield code="a">10</subfield>
    <subfield code="b">10</subfield>
    <subfield code="d">2018-03-06</subfield>
    <subfield code="l">2</subfield>
    <subfield code="p">10-B-14240</subfield>
    <subfield code="q">2020-06-20</subfield>
    <subfield code="r">2020-01-24</subfield>
    <subfield code="s">2020-01-24</subfield>
    <subfield code="y">02</subfield>
  </datafield>
  <datafield tag="952" ind1=" " ind2=" ">
    <subfield code="0">0</subfield>
    <subfield code="1">0</subfield>
    <subfield code="2">ddc</subfield>
    <subfield code="4">0</subfield>
    <subfield code="7">0</subfield>
    <subfield code="a">10</subfield>
    <subfield code="b">10</subfield>
    <subfield code="d">2018-03-06</subfield>
    <subfield code="l">3</subfield>
    <subfield code="p">10-B-14241</subfield>
    <subfield code="r">2023-01-16</subfield>
    <subfield code="s">2022-03-08</subfield>
    <subfield code="y">02</subfield>
  </datafield>
  <datafield tag="952" ind1=" " ind2=" ">
    <subfield code="0">0</subfield>
    <subfield code="1">0</subfield>
    <subfield code="2">ddc</subfield>
    <subfield code="4">0</subfield>
    <subfield code="7">0</subfield>
    <subfield code="a">10</subfield>
    <subfield code="b">10</subfield>
    <subfield code="d">2018-03-06</subfield>
    <subfield code="l">1</subfield>
    <subfield code="p">10-B-14242</subfield>
    <subfield code="r">2019-06-14</subfield>
    <subfield code="s">2019-02-08</subfield>
    <subfield code="y">02</subfield>
  </datafield>
</record>
